书目信息 |
| 题名: |
寻根认祖:家谱
|
|
| 作者: | 马志超 编著 | |
| 分册: | ||
| 出版信息: | 北京 气象出版社 2000.03 |
|
| 页数: | 103页 | |
| 开本: | 32开 | |
| 丛书名: | ||
| 单 册: | ||
| 中图分类: | K810.2 | |
| 科图分类: | ||
| 主题词: | 传记--研究 , 传记--写作 | |
| 电子资源: | ||
| ISBN: | 7-5029-2893-6 | |
| 000 | 00567nam0 2200205 45 | |
| 001 | 0010281753 | |
| 005 | 20001028171839.4 | |
| 010 | @a7-5029-2893-6@d6.00元 | |
| 100 | @a20001028d2000 km y0chiy0120 ea | |
| 101 | 0 | @achi |
| 105 | @a z 000yy | |
| 200 | 1 | @a寻根认祖:家谱@AXun Gen Ren Zu:Jia Pu@f马志超编著@FMa Zhi Chao Bian Zhu |
| 210 | @a北京@c气象出版社@d2000.03 | |
| 215 | @a103页@d32开 | |
| 606 | 0 | @a传记@x研究 |
| 606 | 0 | @a传记@x写作 |
| 690 | @aK810.2@v3 | |
| 701 | 0 | @a马志超@4编著 |
| 801 | @aCN@bPftUser@c20001028 | |
| 905 | @b195322-324@dK810.2@eM129@f3 | |
| 寻根认祖:家谱/马志超编著.-北京:气象出版社,2000.03 |
| 103页;32开 |
| ISBN 7-5029-2893-6:6.00元 |
| ● |
| 相关链接 |
|
|
|
正题名:寻根认祖:家谱
索取号:K810.2/M129
 
预约/预借
| 序号 | 登录号 | 条形码 | 馆藏地/架位号 | 状态 | 备注 |
| 1 | 195322 | 201953225 | 社科库309/309社科库 7排4列2层/ [索取号:K810.2/M129] | 在馆 | |
| 2 | 195323 | 201953234 | 社科库309/309社科库 7排4列2层/ [索取号:K810.2/M129] | 在馆 | |
| 3 | 195324 | 201953243 | 社科库309/309社科库 7排4列2层/ [索取号:K810.2/M129] | 在馆 |